AN ASSESSMENT OF THE IMPACT OF MATERIAL SUPPLY ORGANIZATIONAL EFFICIENCY (Record no. 215941)
[ view plain ]
| 000 -LEADER | |
|---|---|
| fixed length control field | 00557nam a22001457a 4500 |
| 008 - FIXED-LENGTH DATA ELEMENTS--GENERAL INFORMATION | |
| fixed length control field | 250721b |||||||| |||| 00| 0 eng d |
| 050 ## - LIBRARY OF CONGRESS CALL NUMBER | |
| Classification number | RES. HD 38.5 .N93 2013 |
| Item number | C. 1 |
| 100 ## - MAIN ENTRY--PERSONAL NAME | |
| Personal name | NYAMBACHA, JOSHUA NYAKAMBA |
| 245 ## - TITLE STATEMENT | |
| Title | AN ASSESSMENT OF THE IMPACT OF MATERIAL SUPPLY ORGANIZATIONAL EFFICIENCY |
| Remainder of title | A CASE STUDY OF KEBIRIGO TEA FACTORY, GUSII WATER COMPANY AND NYAMIRA DISTRICT PROCUREMENT OFFICES, NYAMIRA COUNTY |
| 260 ## - PUBLICATION, DISTRIBUTION, ETC. | |
| Place of publication, distribution, etc. | KISII |
| Name of publisher, distributor, etc. | KSU |
| Date of publication, distribution, etc. | 2013 |
| 300 ## - PHYSICAL DESCRIPTION | |
| Extent | XI, 31P.,ILL; |
| 500 ## - GENERAL NOTE | |
| General note | INCLUDES REFERENCES |
| 942 ## - ADDED ENTRY ELEMENTS (KOHA) | |
| Source of classification or shelving scheme | Library of Congress Classification |
| Koha item type | Reference |
| Withdrawn status | Lost status | Source of classification or shelving scheme | Damaged status | Not for loan | Collection | Home library | Current library | Shelving location | Date acquired | Inventory number | Total checkouts | Full call number | Barcode | Date last seen | Copy number | Price effective from | Koha item type |
|---|---|---|---|---|---|---|---|---|---|---|---|---|---|---|---|---|---|
| Library of Congress Classification | Special Research | Kisii University Library | Kisii University Library | On Display | 07/21/2025 | 95296 | RES HD 38.5 .N93 2013 | 005222 | 07/21/2025 | C.1 | 07/21/2025 | Reference |